| 000 | 00000nam##2200000za#4500 |
| 001 | 9.579174 |
| 003 | CaOODSP |
| 005 | 20210624190435 |
| 007 | cr ||||||||||| |
| 008 | 150406|1998||||xxc|||||o f|0| 0 eng|d |
| 022 | |a1488-5379 |
| 040 | |aCaOODSP|beng |
| 043 | |an-cn--- |
| 086 | 1 |aFs97-6/2230E-PDF |
| 110 | 1 |aCanada. |bDepartment of Fisheries and Oceans. |
| 245 | 10|aTrends in the nearshore fish community of Hamilton Harbour, 1988 to 1997, as measured using an index of biotic integrity / |h[electronic resource]|cby K.E. Smokorowski ... [et al.] |
| 260 | |aBurlington - Ontario : |bFisheries and Oceans Canada |c1998. |
| 300 | |a110p.|bfigs., references, tables |
| 490 | 1 |aCanadian technical report of fisheries and aquatic sciences|x1488-5379|vNo. 2230 |
| 500 | |aOn t. p. : Great Lakes Laboratory for Fisheries and Aquatic Sciences, Burlington, Ontario. The catalogue number and ISSN for the print edition appear in the PDF version. |
| 546 | |a(Résumé en français) |
| 590 | |a14-06-Supp|b2014-03-21 |
| 720 | 1 |aSmokorowski, K. E. |
| 830 | #0|aCanadian technical report of fisheries and aquatic sciences,|x1488-5379|vNo. 2230|w(CaOODSP)9.504449 |
| 856 | 40|ahttp://publications.gc.ca|qPDF|s631 KB|uhttps://publications.gc.ca/collections/collection_2014/mpo-dfo/Fs97-6-2230-eng.pdf|yNo. 2230 |